000 00859nam a2200301 a 4500
001 vtls000068248
003 NLI
005 20210601192601.0
008 101125s1990 ii 000 0 eng
020 _cRs. 34.00
039 9 _y201011250706
_zVLOAD
040 _aNLI
_beng
_cVTLS
_eAACR2
041 0 _aeng
044 _aii
082 0 4 _a541
100 1 _aMukherjee, Ramendra C.
_9164702
245 1 0 _aModern approach to chemical calculations :
_ban introduction to the more concept /
_cRamendra C. Mukherjee
260 _aPatna :
_bBharati Bhawan,
_c1990
300 _avii, 415 p. ;
_c21 cm.
650 0 _aChemical calculations
_9138215
887 _a NEGI
901 _aDB57591
_b24.07.1990
902 _aE541 M896m
905 _aNEGI
906 _a0017962
949 _AVIRTUAITEM
_D10000
_X100
_6DBA000057591ENG
942 _2ddc
_cBKS
999 _aVIRTUA00
_c71663
_d71663